Elogio de la teoría: Discursos y artículos.

Detalles Bibliográficos
Autor principal: Gadamer, Hans-George
Formato: Libro
Lenguaje:inglés
Publicado: Barcelona, España Península 1993
Edición:1a.ed.
Colección:Historia, ciencia, sociedad 296
Materias:
Acceso en línea:

MARC

LEADER 00000cam a2200000 a 4500
001 002551
003 UAHC_CL
005 20170803115840.0
008 010822b xx j 000 1 eng
020 |a 8483072793 
040 |a UAHC_CL  |c UAHC_CL  |d UAHC_CL 
100 1 |a Gadamer, Hans-George 
245 1 0 |a Elogio de la teoría: Discursos y artículos. 
250 |a 1a.ed. 
260 |b Península  |c 1993  |a Barcelona, España 
300 |a 157 p. 
490 0 |a Historia, ciencia, sociedad  |v 296 
650 4 |a FILOSOFIA 
900 |a 193 GAD 
942 |c BK 
952 |0 0  |1 0  |4 0  |6 193_000000000000000_GAD  |7 0  |8 General  |9 5719  |a BC  |b BC  |c General  |d 2017-08-03  |l 0  |o 193 GAD  |p 1315272  |r 2026-01-07 00:00:00  |t 1  |w 2017-08-03  |y BK 
999 |c 2551  |d 2551